LEADER 04751nam 22005774a 450 001 9910830465903321 005 20230721025848.0 010 $a1-119-20195-0 010 $a1-280-64938-0 010 $a9786610649389 010 $a0-470-08603-3 035 $a(CKB)1000000000354595 035 $a(EBL)274011 035 $a(OCoLC)476017721 035 $a(SSID)ssj0000130165 035 $a(PQKBManifestationID)12000757 035 $a(PQKBTitleCode)TC0000130165 035 $a(PQKBWorkID)10081100 035 $a(PQKB)10692015 035 $a(MiAaPQ)EBC274011 035 $a(EXLCZ)991000000000354595 100 $a20060518d2007 uy 0 101 0 $aeng 135 $aur|n|---||||| 181 $ctxt 182 $cc 183 $acr 200 10$aController and CFO's guide to accounts payable$b[electronic resource] /$fMary S. Schaeffer 210 $aHoboken, N.J. $cWiley$dc2007 215 $a1 online resource (258 p.) 300 $aIncludes index. 311 $a0-471-78589-X 327 $aController and CFO's Guide to Accounts Payable; Contents; Preface; Part I: Core Functions; Chapter 1: Internal Controls in Accounts Payable; IGNORE ACCOUNTS PAYABLE AT YOUR OWN PERIL; THE FRAUD PROBLEM; STATE AUDITING GROUPS; SARBANES-OXLEY IMPACT; A MARRIAGE MADE IN HEAVEN-NOT!; IDEAL ACCOUNTS PAYABLE FUNCTION; "WHEN THE INVOICE ARRIVES"; SEGREGATION OF DUTIES; CONTROL ON PAYMENT TYPES; OTHER PAYMENT TYPE CONTROL ISSUES; OFTEN-OVERLOOKED ISSUE: SPREADSHEETS; SPREADSHEET CONTROL PLAN; POLICY AND PROCEDURES MANUAL; BAD CONTROL PRACTICES; RECOMMENDED MANAGEMENT ACTIONS 327 $aChapter 2: Invoice HandlingTHREE-WAY MATCH; COMMON INVOICE PROBLEMS AND SOLUTIONS; ALTERNATIVE TO THREE-WAY MATCH: EVALUATED RECEIPT SETTLEMENT; ALTERNATIVE TO THREE-WAY MATCH: NEGATIVE ASSURANCE/ASSUMED RECEIPT; STATEMENTS; PAYING FROM STATEMENTS; A WORD ABOUT CREDITS; GETTING APPROVALS; STAMPING MAIL IN ACCOUNTS PAYABLE; ELECTRONIC INVOICING; BAD PRACTICES; RECOMMENDED MANAGEMENT ACTIONS; Chapter 3: Payment Processing and Alternatives; CHECK STOCK; CHECK STORAGE; CHECK PRINTING; WHO SHOULD PRINT CHECKS; MONITORING CHECK STOCK USED; BETWEEN PRINTING AND MAILING; CHECK SIGNING 327 $aDISTRIBUTION OF CHECKSMAILING CHECKS; DIFFICULTIES CAUSED BY CHECKS; WHY RETURNING CHECKS CAN BE A PROBLEM; AN END RUN AROUND THE RETURNING CHECK TO REQUISITION PROBLEM; POSITIVE PAY AND ITS COUSINS; P-CARDS; WIRE TRANSFERS; ACH PAYMENTS; WHAT EVERY COMPANY NEEDS TO KNOW TO AVOID MAKING PAYMENTS TO TERRORISTS; Chapter 4: Exception Processing; CHECK PROBLEMS: EXCEPTION PROCESSING HEADS THE LIST; TYPICAL RUSH CHECK SCENARIO; BACKGROUND ON RUSH CHECKS; WAYS TO MINIMIZE THE NUMBER OF RUSH CHECKS; POSITIVE PAY ISSUE; WHY RETURNING CHECKS CAN BE A PROBLEM 327 $aNEED CHECKS RETURNED: HERE'S A POLICY YOU CAN USEAUDIT POINT; PETTY CASH BOX; Chapter 5: Duplicate and Erroneous Payments; THE WE-NEVER-MAKE-A-DUPLICATE-PAYMENT MYTH; DUPLICATE-PAYMENT HYPOCRISY; POLICY; IN-HOUSE CHECKING: BEFORE THE PAYMENT IS MADE; IN-HOUSE CHECKING: AFTER THE PAYMENT IS MADE; A WORD ABOUT SOFTWARE; WHY DUPLICATE PAYMENT AUDIT FIRMS ARE NEEDED; HIRING A POSTAUDIT FIRM; SECOND POSTAUDIT; WORD OF CAUTION; OVERALL ACTION PLAN; Chapter 6: Vendors, Vendor Relations, and Master Vendor File; VENDOR RELATIONS; WHAT IS THE MASTER VENDOR FILE? 327 $aRESPONSIBILITY FOR THE MASTER VENDOR FILEWHO'S IN AND WHO'S NOT?; HANDLING INACTIVE VENDORS; CLEANSING THE MASTER VENDOR FILE; FRAUD THROUGH THE MASTER VENDOR FILE; VENDOR WELCOME LETTER; NEW VENDOR APPLICATIONS; ACCESS TO THE MASTER VENDOR FILE AND MAKING CHANGES; REVIEW OF CHANGES; THE SPOT-CHECK ANNUAL REVIEW; MASTER VENDOR FILE STANDARDS; CODING STANDARDS; COORDINATION WITH INVOICE CODING STANDARDS; VENDOR CALLS INTO ACCOUNTS PAYABLE; IVR/IWR; SEGREGATION OF DUTIES; CONTRACT COMPLIANCE; Chapter 7: Discounts and Deductions; LOST EARLY-PAYMENT DISCOUNTS; THE FIRST PROBLEM 327 $aANOTHER DIRTY SECRET 330 $aRefreshingly candid and witty in tone, Controller and CFO's Guide to Accounts Payable is required reading for any professional wanting to understand more about their organization's AP operations. It declares that AP is no longer a back-office function and underscores the reality that proper attention must be paid to this crucial department in order to run a leading edge and competitive company. 606 $aAccounts payable 615 0$aAccounts payable. 676 $a657.74 676 $a658.1526 700 $aSchaeffer$b Mary S$01611185 801 0$bMiAaPQ 801 1$bMiAaPQ 801 2$bMiAaPQ 906 $aBOOK 912 $a9910830465903321 996 $aController and CFO's guide to accounts payable$94020898 997 $aUNINA LEADER 02924nas 2200913- 450 001 9910138834603321 005 20240823213014.0 011 $a1588-2659 035 $a(DE-599)ZDB2110475-X 035 $a(OCoLC)567441129 035 $a(CKB)110978976471217 035 $a(CONSER)--2011234196 035 $a(EXLCZ)99110978976471217 100 $a20100323a19669999 --- - 101 0 $aeng 135 $aurbn||||||abp 135 $aurbn||||||ada 181 $ctxt$2rdacontent 182 $cc$2rdamedia 183 $acr$2rdacarrier 200 00$aActa oeconomica $eperiodical of the Hungarian Academy of Sciences 210 1$aBudapest :$cAkadémiai Kiadó,$d1966- 215 $a1 online resource 300 $aRefereed/Peer-reviewed 311 $a0001-6373 320 $aIncludes bibliographical references. 517 1 $aActa oeconomica Academiae Scientiarum Hungaricae 531 $aACTA OECON 531 $aACTA. OECON 531 0 $aActa oecon. 606 $aEconomics$vPeriodicals 606 $aÉconomie politique$vPériodiques 606 $aEconomic history$2fast$3(OCoLC)fst00901974 606 $aEconomic policy$2fast$3(OCoLC)fst00902025 606 $aEconomics$2fast$3(OCoLC)fst00902116 606 $aEconomie$2gtt 606 $aVolkswirtschaft$2stw 606 $aWirtschaftspolitik$2stw 606 $aWirtschaftswissenschaft$2stw 606 $aTheorie$2stw 606 $aUngarn$2stw 606 $aCommerce Est-Ouest$2eclas 606 $aConditions économiques$2eclas 606 $aEconomie internationale$2eclas 606 $aPublications périodiques$2eclas 606 $aScience économique$2eclas 607 $aHungary$xEconomic conditions$y1945-$vPeriodicals 607 $aHungary$xEconomic policy$y1945-$vPeriodicals 607 $aHongrie$xConditions économiques$y1945-$vPériodiques 607 $aHongrie$xPolitique économique$y1945-$vPériodiques 607 $aHungary$2fast 607 $aHongrie$2eclas 608 $aPeriodicals.$2fast 608 $aperiodicals.$2aat 608 $aPeriodicals.$2lcgft 608 $aPériodiques.$2rvmgf 615 0$aEconomics 615 6$aÉconomie politique 615 7$aEconomic history. 615 7$aEconomic policy. 615 7$aEconomics. 615 17$aEconomie. 615 7$aVolkswirtschaft. 615 7$aWirtschaftspolitik. 615 7$aWirtschaftswissenschaft. 615 7$aTheorie. 615 7$aUngarn. 615 7$aCommerce Est-Ouest. 615 7$aConditions économiques. 615 7$aEconomie internationale. 615 7$aPublications périodiques. 615 7$aScience économique. 676 $a330.9439 712 02$aMagyar Tudományos Akadémia, 712 02$aMagyar Tudományos Akadémia.$bKözgazdaságtudományi Intézet, 906 $aJOURNAL 912 $a9910138834603321 996 $aActa oeconomica$9802410 997 $aUNINA